000 00654nam a2200265Ia 4500
005 20260121170804.0
008 008 260114s9999 xx 000 0 eng d
020 _a9789811320477
037 _aEBOOK
040 _aCRL
040 _beng
040 _cCRL
041 _2eng
041 _aeng
084 _qCRL
100 _aN.S. Narasimha Sastry, Manoj Kumar Yadav
_91068176
245 0 _aGroup Theory and Computation
260 _bSpringer
260 _bSpringer
260 _c2018
856 _uhttps://link.springer.com/openurl?genre=book&isbn=978-981-13-2047-7
942 _cEBOOK
999 _c1633906
_d1633906